书目信息 |
| 题名: |
比喻趣话
|
|
| 作者: | 祝敏青 编著 | |
| 分册: | ||
| 出版信息: | 福州 福建人民出版社 2000.01 |
|
| 页数: | 215页 | |
| 开本: | 20cm | |
| 丛书名: | 趣话书系 | |
| 单 册: | ||
| 中图分类: | H15-49 | |
| 科图分类: | ||
| 主题词: | 汉语--比喻--通俗读物 | |
| 电子资源: | ||
| ISBN: | 7-211-03542-0 | |
| 000 | 00701nam 2200241 450 | |
| 001 | 010563636078 | |
| 005 | 20050415154751.26 | |
| 010 | @a7-211-03542-0@dCNY12.80 | |
| 100 | @a20050415d2000 km y0chiy0120 ea | |
| 101 | 0 | @achi |
| 102 | @aCN@b350000 | |
| 105 | @aa z 000yy | |
| 200 | 1 | @a比喻趣话@Abi yu qu hua@f祝敏青编著@Fzhu min qing bian zhu |
| 210 | @a福州@c福建人民出版社@d2000.01 | |
| 215 | @a215页@c图@d20cm | |
| 225 | 2 | @a趣话书系@Aqu hua shu xi@h第一辑 |
| 330 | @a本书是汉语比喻通俗读物。 | |
| 410 | 0 | @12001 @a趣话书系 |
| 606 | 0 | @a汉语@x比喻@x通俗读物 |
| 690 | @aH15-49@v4 | |
| 701 | 0 | @a祝敏青@Azhu min qing@4编著 |
| 801 | 0 | @aCN@bQSSK@c20051007 |
| 905 | @a10447@dH15-49@eZ915 | |
| 比喻趣话/祝敏青编著.-福州:福建人民出版社,2000.01 |
| 215页:图;20cm.-(趣话书系.第一辑) |
| ISBN 7-211-03542-0:CNY12.80 |
| 本书是汉语比喻通俗读物。 |
| ● |
| 相关链接 |
|
|
|
正题名:比喻趣话
索取号:H15-49/Z915
 
预约/预借
| 序号 | 登录号 | 条形码 | 馆藏地/架位号 | 状态 | 备注 |
| 1 | 573925 | 205739254 | 语言库209/209语言库 74排1列6层/ [索取号:H15-49/Z915] | 在馆 | |
| 2 | 573926 | 205739263 | 语言库209/209语言库 74排1列6层/ [索取号:H15-49/Z915] | 在馆 | |
| 3 | 573927 | 205739272 | 语言库209/209语言库 74排1列6层/ [索取号:H15-49/Z915] | 在馆 |